Increasing participation and compliance in international climate change agreements /
Saved in:
| Main Author: | |
|---|---|
| Corporate Author: | |
| Other Authors: | |
| Format: | Book |
| Language: | English |
| Published: |
[Cambridge, Mass.] :
Center for Business and Government, John F. Kennedy School of Government, Harvard University, 2002.
|
| Series: | Regulatory Policy Program working paper ;
RPP-2002-08. |
| Subjects: | |
| Tags: |
Add Tag
No Tags, Be the first to tag this record!
|
| LEADER | 01338nam a22002895a 4500 | ||
|---|---|---|---|
| 001 | 009228802-2 | ||
| 005 | 20111114124643.0 | ||
| 008 | 010803s2002 mau b 000 0 eng d | ||
| 035 | 0 | |a ocm57742244 | |
| 100 | 1 | |a Barrett, Scott. | |
| 245 | 1 | 0 | |a Increasing participation and compliance in international climate change agreements / |c Scott Barrett, Robert Stavins. |
| 260 | |a [Cambridge, Mass.] : |b Center for Business and Government, John F. Kennedy School of Government, Harvard University, 2002. | ||
| 300 | |a 35 p. ; |c 28 cm. | ||
| 490 | 1 | |a Regulatory Policy Program working paper ; |v RPP-2002-08 | |
| 504 | |a Includes bibliographical references. | ||
| 530 | |a Also available via the Internet. | ||
| 630 | 0 | 0 | |a United Nations Framework Convention on Climate Change |d (1992). |k Protocols, etc. |d 1997 December 11. |
| 650 | 0 | |a Greenhouse gas mitigation |x International cooperation. | |
| 650 | 0 | |a Greenhouse gas mitigation |x Economic aspects. | |
| 650 | 0 | |a Climatic changes |x Government policy. | |
| 650 | 0 | |a Climatic changes |x International cooperation. | |
| 655 | 7 | |a Computer network resources. |2 local | |
| 700 | 1 | |a Stavins, R. N. |q (Robert N.), |d 1948- | |
| 710 | 2 | |a John F. Kennedy School of Government. |b Center for Business and Government. | |
| 830 | 0 | |a Regulatory Policy Program working paper ; |v RPP-2002-08. | |
| 988 | |a 20031103 | ||
| 906 | |0 MH | ||


